000 00632nam a22002177a 4500
999 _c1533
_d1533
001 1533
003 BD-JhCC
005 20171021171759.0
008 171021s1986 bg |||| ||a| 00| 0 ben d
035 _a(BD-JhCC)1533
040 _aBD-JhCC
_dBD-JhCC
041 _aben
082 _a891.443
_bNOJ 1986
100 _aনজমুল, মনোয়ারা
245 _aআজো কাঁদে ডাহুকী /
_cমনোয়ারা নজমুল
260 _aঢাকা :
_bমুক্তধারা,
_c1986.
300 _a485 p. :
_c20 cm.
650 _aBengali Novel
942 _2ddc
_cBK